000 00846nam a2200265 i 4500
001 25052
003 ES-MaACL
005 20240209181030.0
007 t|
008 021220s1982 sp ||||1| spa d
020 _a84-7090-126-5
100 1 _aAracil, Alfredo.
_922148
245 1 3 _aEl siglo XX
_b: entre la muerte del arte y el arte moderno /
_cAlfredo Aracil, Delfín Rodríguez.
260 _aMadrid :
_bIstmo,
_c[1982]
300 _a491 p. :
_bil. ;
_c18 cm.
490 1 _aFundamentos ;
_v80
490 1 _aEl arte y los sistemas visuales
500 _aIndice.
504 _aBibliografía.
700 1 _aRodríguez, Delfín.
_998227
830 0 0 _aFundamentos (Ediciones Istmo)
_v80
_9121682
830 0 _aEl arte y los sistemas visuales
_9182393
852 _aES-MaACL
_jL-10353
_bR.112383
999 _c25052
_d25052